ბათუმის შოთა რუსთაველის სახელმწიფო უნივერსიტეტის ბიბლიოთეკა

Физическая и коллоидная химия : (ბიბ.ჩანაწერი № 40249)

000 -LEADER
fixed length control field 00844nam a2200217Ia 4500
001 - CONTROL NUMBER
control field 6857
003 - CONTROL NUMBER IDENTIFIER
control field GE_BSU
005 - DATE AND TIME OF LATEST TRANSACTION
control field 20230807124107.0
008 - FIXED-LENGTH DATA ELEMENTS--GENERAL INFORMATION
fixed length control field 181216s2001||||ru |||||||||||||| ||rus||
040 ## - CATALOGING SOURCE
Transcribing agency GE_BSU
041 ## - LANGUAGE CODE
Language code of text/sound track or separate title rus
080 ## - UNIVERSAL DECIMAL CLASSIFICATION NUMBER
Universal Decimal Classification number 544(075.8) Н-62
100 ## - MAIN ENTRY--PERSONAL NAME
Personal name Болдырев, А.И.
9 (RLIN) 19625
245 ## - TITLE STATEMENT
Title Физическая и коллоидная химия :
Remainder of title Учебник для сельскохозяйственных вузов /
Statement of responsibility, etc. А. И. Болдырев ; Ред. Г. С. Гольденберг.
250 ## - EDITION STATEMENT
Edition statement 2-е изд.перераб.и доп.
264 ## - PRODUCTION, PUBLICATION, DISTRIBUTION, MANUFACTURE, AND COPYRIGHT NOTICE
Place of production, publication, distribution, manufacture Масква :
Name of producer, publisher, distributor, manufacturer Высш.шк.,
Date of production, publication, distribution, manufacture, or copyright notice 1983.
300 ## - PHYSICAL DESCRIPTION
Extent 408 стр. ;
Other physical details с илл.
Dimensions 20 cm.
653 ## - INDEX TERM--UNCONTROLLED
keyword Физическая и коллоидная химия
700 ## - ADDED ENTRY--PERSONAL NAME
Personal name Гольденберг, Г. С.
Titles and other words associated with a name редактор
9 (RLIN) 19626
942 ## - ADDED ENTRY ELEMENTS (KOHA)
Koha item type წიგნი
Source of classification or shelving scheme
ეგზემპლარები
Withdrawn status Lost status Source of classification or shelving scheme Damaged status Not for loan Permanent Location Current Location Shelving location Date acquired Full call number Barcode Date last seen Copy number Price effective from Koha item type
          ბათუმის შოთა რუსთაველის სახელმწიფო უნივერსიტეტის მთავარი ბიბლიოთეკა ბათუმის შოთა რუსთაველის სახელმწიფო უნივერსიტეტის მთავარი ბიბლიოთეკა წიგნსაცავი 2018-12-17 544(075.8) Н-62 22516 2018-12-17 22516 2018-12-17 წიგნი